000
00207 a2200097 4500
001
29014
100
_a
Gee J
245
_a
Mirage warplane for the world
260
_a
_b
Macdonald
_c
090
_c
19386
_d
19386
942
_a
NUST-CAE
_c
M
_c
10431
999
_c
264087
_d
264087